000 00542nam a2200181 i 4500
001 bgj
100 1 _aHOLDERNESS, Jackie
245 1 0 _aCool! :
_bksiążka nauczyciela /
_cJackie Holderness.
260 _aOxford :
_bOxford University Press,
_c2000.
300 _a96 pp :
_bdrawings ;
_c30 cm.
650 9 _aEnglish language
_xStudy and teaching |(Primary)
_xTextbooks for foreign speakers
020 _a0194319903
040 _cBPK
041 0 _aeng
920 _a0-19-431990-3
942 _cKS
008 s uk f |000 0 eng
999 _c48593
_d48593
856 _uhttp://koha.tu.koszalin.pl/cgi-bin/koha/opac-detail.pl?biblionumber=48593
_yKatalog online BPK